Zákon o príspevku na starostlivosť o dieťa
Úplné znenie zákona č. 561/2008 Z.z. v znení zákona č. 571/2009 Z.z. Tento zákon upravuje poskytovanie sociálnych dávok, a to - a/ príspevku na starostlivosť o dieťa do troch rokov veku dieťaťa alebo do šiestich rokov veku dieťaťa s dlhodobo nepriaznivým zdravotným stavom a b/ príspevku rodičovi.
Salvato in:
| Natura: | Capitolo di libro |
|---|---|
| Lingua: | slovacco |
| Soggetti: | |
| Tags: |
Nessun Tag, puoi essere il primo ad aggiungerne!!
|
MARC
| LEADER | 00000naa$a2200000$$$4500 | ||
|---|---|---|---|
| 001 | 0110426 | ||
| 005 | 20231109100507.7 | ||
| 041 | 0 | |a slo | |
| 044 | |a SK | ||
| 245 | 1 | 0 | |a Zákon o príspevku na starostlivosť o dieťa |
| 520 | |a Úplné znenie zákona č. 561/2008 Z.z. v znení zákona č. 571/2009 Z.z. Tento zákon upravuje poskytovanie sociálnych dávok, a to - a/ príspevku na starostlivosť o dieťa do troch rokov veku dieťaťa alebo do šiestich rokov veku dieťaťa s dlhodobo nepriaznivým zdravotným stavom a b/ príspevku rodičovi. | ||
| 610 | 2 | 0 | |a zákony |
| 610 | 2 | 0 | |a štát |
| 610 | 2 | 0 | |a dávky sociálne |
| 610 | 2 | 0 | |a príspevok rodičovský |
| 610 | 2 | 0 | |a deti |
| 610 | 2 | 0 | |a starostlivosť o deti |